[Event "Euskadi-ch Seniors 28th"]
[Site "Zarautz"]
[Date "2018.06.23"]
[Round "1"]
[White "Garcia Sanchez, Jose Manuel"]
[Black "Ladron de Guevara Galar, Francisco Javier"]
[Result "0-1"]
[WhiteElo "1670"]
[BlackElo "2125"]
[PlyCount "40"]
[EventDate "2018.06.23"]
[EventType "swiss"]
[EventRounds "6"]
[EventCountry "ESP"]
[SourceTitle "EXT 2021"]
[Source "ChessBase"]
[SourceDate "2020.10.23"]
[SourceVersion "1"]
[SourceVersionDate "2020.10.23"]
[SourceQuality "1"]

1. e4 e5 2. Nf3 Nc6 3. Bc4 Nf6 4. d3 Bc5 5. 0-0 a6 6. a3 d6 7. h3 Ba7 8. Bg5 h6 9. Bh4 g5 10. Bg3 Nh5 11. Bh2 Nf4 12. Nc3 Nd4 13. Bxf4 gxf4 14. Nxd4 Bxd4 15. Qh5 Rh7 16. Rab1 c6 17. Ne2 Bb6 18. b4 Qg5 19. Qf3 h5 20. Kh1 Bg4 0-1

[Event "Euskadi-ch"]
[Site "Zornotza"]
[Date "2014.04.21"]
[Round "1"]
[White "Garcia Sanchez, Jose Manuel"]
[Black "Sarralde Osua, Diego"]
[Result "1-0"]
[WhiteElo "1793"]
[BlackElo "2133"]
[PlyCount "119"]
[EventDate "2014.04.21"]
[EventType "swiss"]
[EventRounds "7"]
[EventCountry "ESP"]
[SourceTitle "CBM 160 Extra"]
[Source "ChessBase"]
[SourceDate "2014.07.01"]
[SourceVersion "1"]
[SourceVersionDate "2014.07.01"]
[SourceQuality "1"]

1. e4 c5 2. Nf3 d6 3. d4 cxd4 4. Nxd4 Nf6 5. Nc3 a6 6. a3 e5 7. Nb3 Be6 8. Bd3 d5 9. 0-0 Be7 10. Bg5 Nxe4 11. Bxe7 Nxc3 12. Bxd8 Nxd1 13. Raxd1 Kxd8 14. Bc4 Nc6 15. Bxd5 Bxd5 16. Rxd5+ Kc7 17. Rfd1 Rhd8 18. Rxd8 Nxd8 19. Kf1 Ne6 20. c3 b6 21. g3 Rf8 22. Ke2 f6 23. Ke3 Kc6 24. Rd2 Rf7 25. Nc1 Nc7 26. Nd3 Nd5+ 27. Ke4 Re7 28. c4 Nc7 29. b4 Rd7 30. b5+ Nxb5 31. Nb4+ Kc7 32. Nxa6+ Kc8 33. Rxd7 Kxd7 34. cxb5 Kd6 35. a4 g6 36. f3 f5+ 37. Kd3 Kd5 38. Kc3 g5 39. Nb4+ Kc5 40. Nd3+ Kd5 41. Kb4 e4 42. fxe4+ Kxe4 43. Nf2+ Ke3 44. a5 bxa5+ 45. Kxa5 Kxf2 46. b6 Kg2 47. b7 Kxh2 48. b8Q Kh3 49. Kb4 Kg4 50. Kc4 h5 51. Kd3 Kf3 52. Qe5 Kg4 53. Ke3 h4 54. gxh4 f4+ 55. Kf2 Kxh4 56. Kf3 Kh5 57. Qe8+ Kh6 58. Kg4 f3 59. Qf8+ Kh7 60. Qxf3 1-0

[Event "Benidorm op U2000 12th"]
[Site "Benidorm"]
[Date "2013.12.01"]
[Round "3"]
[White "Busto Prendes, Abel"]
[Black "Garcia Sanchez, Jose Manuel"]
[Result "1-0"]
[WhiteElo "1954"]
[BlackElo "1864"]
[PlyCount "47"]
[EventDate "2013.11.29"]
[EventType "swiss"]
[EventRounds "10"]
[EventCountry "ESP"]
[SourceTitle "CBM 157 Extra"]
[Source "ChessBase"]
[SourceDate "2013.12.19"]
[SourceVersion "1"]
[SourceVersionDate "2013.12.19"]
[SourceQuality "1"]

1. e4 e5 2. Nc3 Nf6 3. f4 d6 4. Nf3 Bg4 5. h3 Bxf3 6. Qxf3 Be7 7. Bc4 0-0 8. 0-0 Nc6 9. d3 Nd4 10. Qf2 c6 11. Be3 b5 12. Bb3 Nxb3 13. axb3 a6 14. Ra2 b4 15. fxe5 bxc3 16. exf6 Bxf6 17. bxc3 c5 18. d4 Qe7 19. dxc5 Qxe4 20. Bd4 dxc5 21. Bxf6 gxf6 22. Qxf6 Qe3+ 23. Kh1 a5 24. Rf3 1-0

[Event "Euskadi-ch Seniors"]
[Site "Zarautz"]
[Date "2013.06.15"]
[Round "2"]
[White "Garcia Sanchez, Jose Manuel"]
[Black "Hornas Flores, Francisco"]
[Result "1-0"]
[WhiteElo "1863"]
[BlackElo "1775"]
[PlyCount "91"]
[EventDate "2013.06.15"]
[EventType "swiss"]
[EventRounds "6"]
[EventCountry "ESP"]
[SourceTitle "EXT 2015"]
[Source "ChessBase"]
[SourceDate "2014.11.20"]
[SourceVersion "1"]
[SourceVersionDate "2014.11.20"]
[SourceQuality "1"]

1. e4 c5 2. Nf3 e6 3. d4 cxd4 4. Nxd4 Nc6 5. c3 Nf6 6. Bd3 d6 7. 0-0 e5 8. Ne2 Bg4 9. f3 Bh5 10. Be3 Bg6 11. Nd2 Be7 12. Ng3 h6 13. Qe2 d5 14. Rad1 d4 15. cxd4 Nxd4 16. Bb5+ Nxb5 17. Qxb5+ Qd7 18. Qxd7+ Nxd7 19. Nc4 f6 20. Nd6+ Bxd6 21. Rxd6 b6 22. Rfd1 Nc5 23. Bxc5 bxc5 24. Rc6 0-0 25. Rxc5 Rfd8 26. Rdc1 Rd2 27. Rc8+ Rxc8 28. Rxc8+ Kh7 29. Rb8 a6 30. a3 h5 31. h4 Rd1+ 32. Kh2 Rd2 33. a4 Rd4 34. a5 Rd2 35. b4 Bf7 36. Rb6 Bc4 37. Nxh5 Kg6 38. Ng3 Bb5 39. Kh3 Bc4 40. Nf5 Bf1 41. Ne3 Bb5 42. Nd5 Bf1 43. Rc6 Bb5 44. Rc7 Rd1 45. Ne7+ Kh7 46. Nf5 1-0

[Event "ESP-ch Seniors 10th"]
[Site "Mondariz"]
[Date "2012.10.18"]
[Round "9"]
[White "Garcia Sanchez, Jose Manuel"]
[Black "Benito Alba, Eladio"]
[Result "1/2-1/2"]
[WhiteElo "1874"]
[BlackElo "1736"]
[PlyCount "69"]
[EventDate "2012.10.10"]
[EventType "swiss"]
[EventRounds "9"]
[EventCountry "ESP"]
[SourceTitle "EXT 2013"]
[Source "ChessBase"]
[SourceDate "2012.11.22"]
[SourceVersion "1"]
[SourceVersionDate "2012.11.22"]
[SourceQuality "1"]

1. e4 c6 2. d4 d5 3. Nc3 dxe4 4. Nxe4 Bf5 5. Ng3 Bg6 6. Nf3 Nd7 7. Bd3 Bxd3 8. Qxd3 Ngf6 9. 0-0 e6 10. Re1 Be7 11. c4 0-0 12. Be3 Qa5 13. Bd2 Bb4 14. Bxb4 Qxb4 15. a3 Qb6 16. b4 Rfd8 17. Rad1 Qc7 18. Qe3 Re8 19. Ne5 Rad8 20. f4 Nf8 21. Qf3 Ng6 22. Ne4 Nxe4 23. Qxe4 Nxe5 24. fxe5 Qe7 25. Rd3 Rd7 26. Ree3 Red8 27. Rh3 g6 28. Qf4 Qf8 29. Rh4 Qg7 30. Qd2 f5 31. exf6 Qxf6 32. Rf4 Qg7 33. Rff3 Rxd4 34. g3 Rxd3 35. Rxd3 1/2-1/2

[Event "ESP-ch Seniors 10th"]
[Site "Mondariz"]
[Date "2012.10.16"]
[Round "7"]
[White "Lorenzo Duran, Marcos"]
[Black "Garcia Sanchez, Jose Manuel"]
[Result "1-0"]
[WhiteElo "2112"]
[BlackElo "1874"]
[PlyCount "73"]
[EventDate "2012.10.10"]
[EventType "swiss"]
[EventRounds "9"]
[EventCountry "ESP"]
[SourceTitle "EXT 2013"]
[Source "ChessBase"]
[SourceDate "2012.11.22"]
[SourceVersion "1"]
[SourceVersionDate "2012.11.22"]
[SourceQuality "1"]

1. d4 Nf6 2. Nf3 g6 3. Bg5 Bg7 4. Nbd2 0-0 5. e4 d6 6. Bc4 Nbd7 7. e5 dxe5 8. dxe5 Ne8 9. e6 fxe6 10. Bxe6+ Kh8 11. Nc4 Nef6 12. 0-0 Nc5 13. Bxc8 Rxc8 14. Re1 Qxd1 15. Raxd1 Rcd8 16. Rxd8 Rxd8 17. Kf1 Bf8 18. Be3 Rd5 19. Nce5 Ncd7 20. Nxd7 Nxd7 21. Bd4+ Nf6 22. c4 Ra5 23. a3 b6 24. Ne5 c5 25. Bc3 Ra4 26. Rd1 Kg8 27. Rd8 b5 28. cxb5 Rf4 29. Bd2 Rd4 30. Rxd4 cxd4 31. Nc6 Ne4 32. Ke2 d3+ 33. Kxd3 Nxf2+ 34. Ke2 Ne4 35. Nxa7 e5 36. Nc6 Nd6 37. b6 1-0

[Event "ESP-ch Seniors 10th"]
[Site "Mondariz"]
[Date "2012.10.10"]
[Round "1"]
[White "Garcia Sanchez, Jose Manuel"]
[Black "Buxade Roca, Guillermo"]
[Result "0-1"]
[WhiteElo "1874"]
[BlackElo "2128"]
[PlyCount "69"]
[EventDate "2012.10.10"]
[EventType "swiss"]
[EventRounds "9"]
[EventCountry "ESP"]
[SourceTitle "EXT 2013"]
[Source "ChessBase"]
[SourceDate "2012.11.22"]
[SourceVersion "1"]
[SourceVersionDate "2012.11.22"]
[SourceQuality "1"]

1. e4 c5 2. Nf3 Nc6 3. d4 cxd4 4. Nxd4 Nf6 5. Nc3 e5 6. Ndb5 d6 7. Bg5 a6 8. Bxf6 gxf6 9. Na3 b5 10. Nd5 Bg7 11. c3 0-0 12. Qd2 f5 13. Bd3 Ne7 14. Nxe7+ Qxe7 15. Rd1 Bb7 16. Qe2 Qh4 17. g3 Qh3 18. f3 d5 19. exd5 e4 20. fxe4 fxe4 21. Bc2 b4 22. Nb1 a5 23. Qf1 Qh5 24. Qe2 Qh3 25. Qf1 Qd7 26. Qf4 Ba6 27. h4 f5 28. Rh2 Rae8 29. h5 Be5 30. Qg5+ Kh8 31. Rg2 Rg8 32. Qh4 Rg4 33. Qh3 Reg8 34. Nd2 Rxg3 35. Qh2 0-1